[Event "Challenge"]
[Site "http://www.queenalice.com/game.php?id=1555659"]
[Date "2019.1.6"]
[Round "-"]
[White "dejami"]
[Black "colonelkurtz"]
[Result "1-0"]
[WhiteElo "1709"]
[BlackElo "1546"]

1. e4 g6 2. Qf3 Bg7 3. Bc4 d6 4. Qxf7+ Kd7 5. Qxg7 Nf6 6. d3 c6 7. Bg5 Ng4 8. d4
b5 9. Be2 Rg8 10. Qxh7 Nxf2 11. Kxf2 Rf8+ 12. Ke1 Qa5+ 13. c3 b4 14. Qxe7# 1-0

[Event "Challenge"]
[Site "http://www.queenalice.com/game.php?id=1556457"]
[Date "2019.1.13"]
[Round "-"]
[White "Scaracioli"]
[Black "colonelkurtz"]
[Result "1-0"]
[WhiteElo "1731"]
[BlackElo "1531"]

1. e4 e5 2. Nf3 Bd6 3. d4 Nc6 4. d5 Nce7 5. c4 c5 6. dxc6 bxc6 7. Be3 f5 8. Qxd6
fxe4 9. Nxe5 Nf6 10. g4 Nxg4 11. Nxg4 Nf5 12. Qe5+ Ne7 13. Qxg7 Rf8 14. Qxh7 d5
15. Qh5+ Kd7 16. c5 Qa5+ 17. Nd2 Kc7 18. Qe5+ Kd8 19. a3 Nf5 20. Bg5+ 1-0

[Event "Challenge"]
[Site "http://www.queenalice.com/game.php?id=1556458"]
[Date "2019.1.13"]
[Round "-"]
[White "colonelkurtz"]
[Black "Scaracioli"]
[Result "1-0"]
[WhiteElo "1523"]
[BlackElo "1697"]

1. c4 d5 2. g3 d4 3. e3 e5 4. e4 Be6 5. Nf3 Bd6 6. Qc2 c5 7. d3 Qd7 8. Bd2 f5 9.
a3 b5 10. Nh4 b4 11. Bh3 g6 12. exf5 gxf5 13. f4 Nc6 14. Qa4 Rb8 15. Bxf5 Bxf5
16. Nxf5 b3 17. Nxd6+ Qxd6 18. fxe5 Qe6 19. Bf4 Ne7 20. Nd2 O-O 21. Nf3 Nf5 22.
Ng5 Qc8 23. e6 Rb6 24. O-O-O Qb7 25. Rde1 Nfe7 26. Bd6 Ra8 27. Bxc5 Ra6 28. Qb5
Qxb5 29. cxb5 Ra4 30. bxc6 Nxc6 31. e7 Re8 32. Rhf1 Ra5 33. Rf8+ Rxf8 34.
exf8=Q# 1-0

[Event "Challenge"]
[Site "http://www.queenalice.com/game.php?id=1557202"]
[Date "2019.1.18"]
[Round "-"]
[White "zemari"]
[Black "colonelkurtz"]
[Result "1-0"]
[WhiteElo "1510"]
[BlackElo "1543"]

1. e4 c5 2. Nf3 Nc6 3. d4 b6 4. d5 Na5 5. Be2 e5 6. Bd2 Nb7 7. Be3 Nd6 8. Nc3 h6
9. h4 h5 10. Nd2 f6 11. Nc4 Nxc4 12. Bxc4 a6 13. d6 b5 14. Be2 Qb6 15. Qd2 Bxd6
16. Rd1 Be7 17. Nd5 Qb7 18. f3 d6 19. Rh3 g5 20. Rh1 f5 21. Nxe7 Nxe7 22. Bxg5
Be6 23. Qxd6 Kf7 24. Bxe7 Qxe7 25. Qxe5 c4 26. exf5 Bc8 27. Qxh8 1-0

[Event "Challenge"]
[Site "http://www.queenalice.com/game.php?id=1557203"]
[Date "2019.1.18"]
[Round "-"]
[White "colonelkurtz"]
[Black "zemari"]
[Result "1-0"]
[WhiteElo "1526"]
[BlackElo "1542"]

1. g3 e5 2. Bg2 d5 3. e4 d4 4. b3 Be7 5. c4 c5 6. f4 Nc6 7. f5 g6 8. Qf3 Nf6 9.
h4 Qd6 10. Na3 a6 11. h5 g5 12. g4 h6 13. d3 Qb8 14. Nc2 b5 15. a4 b4 16. Nh3
Na5 17. Rb1 O-O 18. Nxg5 Nh7 19. Nxh7 Kxh7 20. f6 Bd8 21. g5 Qd6 22. g6+ fxg6
23. hxg6+ Kxg6 24. Rxh6+ Kf7 25. Qh5+ 1-0

[Event "Challenge"]
[Site "http://www.queenalice.com/game.php?id=1557494"]
[Date "2019.1.20"]
[Round "-"]
[White "Scaracioli"]
[Black "colonelkurtz"]
[Result "1-0"]
[WhiteElo "1664"]
[BlackElo "1537"]

1. e4 g6 2. d4 d5 3. e5 c5 4. dxc5 Qa5+ 5. Nc3 Qxc5 6. Qxd5 Qxd5 7. Nxd5 Kd7 8.
Bf4 Kc6 9. O-O-O e6 10. Nb4+ Kc5 11. a3 a5 12. Be3# 1-0

[Event "Challenge"]
[Site "http://www.queenalice.com/game.php?id=1557495"]
[Date "2019.1.20"]
[Round "-"]
[White "colonelkurtz"]
[Black "Scaracioli"]
[Result "0-1"]
[WhiteElo "1545"]
[BlackElo "1695"]

1. d4 d5 2. c4 dxc4 3. Qa4+ Nc6 4. Qxc4 Nxd4 5. g3 Nc6 6. Nf3 Nf6 7. Ng5 e6 8.
Bh3 Bb4+ 9. Nc3 O-O 10. a3 Bxc3+ 11. bxc3 a6 12. Nxe6 Bxe6 13. Bxe6 Ne5 14. Qa2
Qe7 15. Bb3 Nd3+ 16. Kf1 Ne5 17. h4 b5 18. h5 h6 19. a4 Rfc8 20. f3 c5 21. g4 c4
22. Bc2 Re8 23. g5 Nd3 24. Bxd3 cxd3 25. e3 hxg5 26. h6 g6 27. e4 Nh7 28. Rg1
Qe5 29. Bd2 Rab8 30. axb5 axb5 31. Qb3 Rec8 32. Kf2 Rb7 33. Ke3 Rd8 34. Rg4 Qc5#
0-1

[Event "Challenge"]
[Site "http://www.queenalice.com/game.php?id=1558192"]
[Date "2019.1.26"]
[Round "-"]
[White "Scaracioli"]
[Black "colonelkurtz"]
[Result "0-1"]
[WhiteElo "1732"]
[BlackElo "1526"]

1. e4 c5 2. c3 e5 3. Nf3 Nc6 4. d3 d5 5. Be3 d4 6. cxd4 cxd4 7. Nxe5 Nxe5 8. Bf4
Bd6 9. Be2 Nxd3+ 10. Bxd3 Bxf4 11. O-O Qd6 12. g3 Bh6 13. Nd2 Bh3 14. Re1 Qe5
15. Nf3 Qh5 16. Nxd4 Qxd1 17. Raxd1 Rd8 18. Nf5 Bxf5 19. Bb5+ Bd7 20. Bxd7+ Rxd7
21. Rxd7 Kxd7 22. Rd1+ Ke6 23. f4 Ne7 24. e5 Nf5 25. Rd3 g5 26. fxg5 Bxg5 27.
Kf2 Kxe5 28. Rd7 Nd6 29. h4 Bc1 30. b3 f5 31. Kf3 f4 32. g4 h6 33. Re7+ Kf6 34.
Re1 Be3 35. Rd1 Ke5 36. a3 Rg8 37. Re1 b5 38. b4 Nc4 39. Rd1 a5 40. bxa5 Nxa5
41. Rd7 Nc6 42. Rh7 Nd4+ 43. Kg2 f3+ 44. Kg3 f2 45. Rf7 h5 46. g5 Nf5+ 47. Kg2
Rc8 48. Kf1 Rc1+ 49. Ke2 f1=Q# 0-1

[Event "Challenge"]
[Site "http://www.queenalice.com/game.php?id=1558193"]
[Date "2019.1.26"]
[Round "-"]
[White "colonelkurtz"]
[Black "Scaracioli"]
[Result "0-1"]
[WhiteElo "1535"]
[BlackElo "1711"]

1. d4 d5 2. c3 Nf6 3. f3 e6 4. h4 h5 5. Nd2 Qd6 6. e4 dxe4 7. Nxe4 Nxe4 8. fxe4
Be7 9. g4 hxg4 10. Qxg4 g6 11. h5 Bd7 12. e5 Qb6 13. Rh3 Nc6 14. hxg6 Rxh3 15.
Qxh3 fxg6 16. Qh8+ Bf8 17. Bg5 Ne7 18. Qf6 O-O-O 19. O-O-O a5 20. d5 exd5 21.
Rxd5 Qxf6 22. Bxf6 Nxd5 23. Bxd8 Kxd8 24. Nh3 Bxh3 25. Bxh3 Ke7 26. c4 Nf4 27.
Bf1 Ke6 28. c5 Bxc5 0-1

[Event "Challenge"]
[Site "http://www.queenalice.com/game.php?id=1558782"]
[Date "2019.1.30"]
[Round "-"]
[White "dejami"]
[Black "colonelkurtz"]
[Result "1-0"]
[WhiteElo "1792"]
[BlackElo "1572"]

1. e4 c5 2. Qf3 Nc6 3. c3 e6 4. d3 b5 5. Nh3 Bb7 6. Ng5 f6 7. Nh3 a5 8. Nd2 Ne5
9. Qd1 d5 10. f3 d4 11. Nf4 Bc8 12. Nh3 Ba6 13. Nf4 dxc3 14. bxc3 b4 15. c4 Nh6
16. Nxe6 Qb6 17. Nf4 g5 18. Nd5 Qb8 19. Nb3 Bc8 20. Nxf6+ Kf7 21. Bxg5 a4 22.
Nc1 Nc6 23. h3 Nd4 24. Rb1 Qg3+ 25. Kd2 Qxg5+ 26. Ke1 Qxf6 27. Rb2 Qh4+ 28. Kd2
a3 29. Rb1 Qf2+ 30. Be2 Qxg2 31. f4 Ng8 32. Nb3 Nxe2 33. Qxe2 Qg7 34. e5 Ne7 35.
Nxc5 Nf5 36. Rhg1 Qh6 37. Ne4 Qxf4+ 38. Ke1 Rg8 39. Qh5+ Ke6 40. Rxg8 Qe3+ 41.
Qe2 Bd7 42. Ng5+ Kxe5 43. Nf3+ Kf6 44. Rb3 Qe6 45. Rg4 Bc6 46. d4 Qxe2+ 47. Kxe2
h5 48. Rg1 Bxf3+ 49. Rxf3 Ra5 50. Rg8 Bg7 51. Rb8 Kg5 52. Kf2 Bxd4+ 53. Ke2 Re5+
54. Kd3 Re3+ 55. Rxe3 Bxe3 56. Ke4 h4 57. Rf8 Nd6+ 58. Kxe3 Nxc4+ 59. Kd4 Nb6
60. Rb8 Nd7 61. Rxb4 Kf4 62. Rb3 Ne5 63. Rxa3 1-0

[Event "Challenge"]
[Site "http://www.queenalice.com/game.php?id=1559790"]
[Date "2019.2.5"]
[Round "-"]
[White "recchdegomm1"]
[Black "colonelkurtz"]
[Result "0-1"]
[WhiteElo "1422"]
[BlackElo "1541"]

1. e4 d6 2. Bc4 e5 3. Nf3 g6 4. O-O Nf6 5. Ng5 Qd7 6. Nxf7 Bg7 7. Nxh8 Bxh8 8.
d3 Qc6 9. Re1 Nbd7 10. b4 b5 11. Bb3 a5 12. Bd2 a4 13. Be6 d5 14. Qf3 dxe4 15.
Qe3 Qxe6 16. Nc3 exd3 17. Nxb5 Kd8 18. cxd3 Qc6 19. Na3 Bb7 20. f3 Ng4 21. fxg4
Qxg2# 0-1

[Event "Challenge"]
[Site "http://www.queenalice.com/game.php?id=1560125"]
[Date "2019.2.7"]
[Round "-"]
[White "Scaracioli"]
[Black "colonelkurtz"]
[Result "1-0"]
[WhiteElo "1736"]
[BlackElo "1565"]

1. e4 e6 2. d4 c5 3. d5 d6 4. c4 Nd7 5. Be2 g5 6. Be3 Nh6 7. h3 Qf6 8. Nc3 exd5
9. Nxd5 Qd8 10. Bd3 Ne5 11. Be2 b6 12. Qd2 g4 13. hxg4 Nhxg4 14. f3 Nxe3 15.
Qxe3 Ba6 16. b3 h5 17. f4 Bh6 18. Bxh5 Nc6 19. Qf2 Bg7 20. O-O-O Ne7 21. Nxe7
Qxe7 22. Re1 b5 23. Qf1 bxc4 24. bxc4 Rb8 25. Qd3 Rb2 26. Re3 Kd7 27. Bg4+ f5
28. Bxf5+ Kc7 29. Re2 Rbb8 30. Rxh8 Rxh8 31. Nf3 Qf6 32. e5 dxe5 33. Rxe5 Rh1+
34. Kd2 Qh6 35. Rxc5+ Kb6 36. Qe3 Qd6+ 37. Rd5+ 1-0

[Event "Challenge"]
[Site "http://www.queenalice.com/game.php?id=1560126"]
[Date "2019.2.7"]
[Round "-"]
[White "Scaracioli"]
[Black "colonelkurtz"]
[Result "1-0"]
[WhiteElo "1732"]
[BlackElo "1550"]

1. e4 e5 2. Nf3 c5 3. Nxe5 d5 4. d3 d4 5. Bf4 g5 6. Bg3 h5 7. Qf3 Be6 8. h4 g4
9. Qd1 Qb6 10. b3 Bg7 11. f4 gxf3 12. Qxf3 Nd7 13. Nxd7 Bxd7 14. Nd2 Bh6 15. Nc4
Qb4+ 16. Kf2 Bg4 17. Nd6+ Kf8 18. Qxf7# 1-0

[Event "Challenge"]
[Site "http://www.queenalice.com/game.php?id=1560127"]
[Date "2019.2.7"]
[Round "-"]
[White "colonelkurtz"]
[Black "Scaracioli"]
[Result "1-0"]
[WhiteElo "1552"]
[BlackElo "1727"]

1. e4 e5 2. c3 c6 3. Nf3 d6 4. d4 Nd7 5. h4 g6 6. d5 Nc5 7. h5 g5 8. g4 Bxg4 9.
b4 Nxe4 10. Nbd2 Nxc3 11. Qc2 Nxd5 12. Qe4 Ndf6 13. Qd3 h6 14. a4 Bxh5 15. Ba3
g4 16. Nh4 d5 17. b5 e4 18. Qd4 Bg7 19. Nf5 Bg6 20. Nxg7+ Kd7 21. f3 gxf3 22.
Bh3+ Kc7 23. Rb1 Rh7 24. b6+ axb6 25. Qxb6+ Kb8 26. Qxd8+ Ka7 27. Bc5+ Ka6 28.
Qb6# 1-0

[Event "Challenge"]
[Site "http://www.queenalice.com/game.php?id=1561296"]
[Date "2019.2.17"]
[Round "-"]
[White "Scaracioli"]
[Black "colonelkurtz"]
[Result "0-1"]
[WhiteElo "1646"]
[BlackElo "1545"]

1. e4 c5 2. c3 a6 3. d4 d5 4. dxc5 dxe4 5. Qxd8+ Kxd8 6. b4 g6 7. Bb2 f6 8. Nd2
f5 9. c4 Nf6 10. Be2 Nc6 11. a3 e5 12. f3 e3 13. Nf1 Bh6 14. O-O-O+ Kc7 15. Kb1
f4 16. g3 Bf5+ 17. Ka2 a5 18. b5 Ne7 19. c6 bxc6 20. Bxe5+ Kb6 21. Bd4+ c5 22.
Bxf6 Rhd8 23. Bxe7 Rxd1 24. Bxd1 Ra7 25. Bd6 Rd7 26. Bxc5+ Kxc5 27. Bb3 Bg7 28.
g4 Bd3 29. h4 Bxf1 30. Rh2 Re7 31. Rc2 e2 32. Nxe2 Bxe2 33. a4 Bxf3 34. g5 Re2
35. Rxe2 Bxe2 36. Kb1 f3 37. Kc1 f2 38. Kd2 f1=Q 39. Bd1 Qxd1+ 40. Ke3 Bd4+ 41.
Ke4 Qd3+ 42. Kf4 Qf3# 0-1

[Event "Challenge"]
[Site "http://www.queenalice.com/game.php?id=1561297"]
[Date "2019.2.17"]
[Round "-"]
[White "colonelkurtz"]
[Black "Scaracioli"]
[Result "0-1"]
[WhiteElo "1556"]
[BlackElo "1682"]

1. d4 d5 2. c4 e6 3. c5 b6 4. b4 bxc5 5. dxc5 Nc6 6. b5 Ne5 7. c6 Qd6 8. a4 Nc4
9. e3 Qe5 10. Ra2 Bb4+ 11. Ke2 a6 12. Na3 axb5 13. Nxb5 Ba6 14. Nd4 Nb2+ 15. Nb5
Bxb5+ 16. axb5 Rxa2 17. Bxb2 Rxb2+ 18. Kf3 Qf5+ 19. Kg3 Bd6+ 20. f4 Nh6 21. h3
Qg6+ 22. Kf3 Qh5+ 23. g4 Nxg4 24. Kg3 f5 25. Qf3 Be7 26. hxg4 fxg4 27. Qxg4 Qxh1
28. Qxg7 Qxg1+ 0-1

[Event "Challenge"]
[Site "http://www.queenalice.com/game.php?id=1562807"]
[Date "2019.3.1"]
[Round "-"]
[White "colonelkurtz"]
[Black "Scaracioli"]
[Result "0-1"]
[WhiteElo "1594"]
[BlackElo "1640"]

1. g3 e5 2. Bg2 Nf6 3. c4 c6 4. Nc3 d5 5. cxd5 cxd5 6. d4 e4 7. f4 Bf5 8. h3 Bb4
9. a3 Bxc3+ 10. bxc3 O-O 11. e3 b5 12. g4 Bd7 13. g5 Ne8 14. h4 f5 15. h5 g6 16.
hxg6 hxg6 17. Qe2 Rf7 18. Qf2 Qe7 19. Nf3 exf3 20. Qxf3 Bc6 21. Bf1 Nc7 22. Rb1
a6 23. Qh3 Rh7 24. Qxh7+ Qxh7 25. Rxh7 Kxh7 26. Rb2 Kg7 27. Rh2 Ne6 28. Rh6 Nd7
29. Be2 Ndf8 30. Kd2 a5 31. e4 dxe4 32. c4 Nxd4 33. Bb2 Rd8 34. cxb5 Be8 35. b6
Bc6 36. Ba6 Kf7 37. b7 Nde6+ 38. Ke3 Nc5 39. Bc4+ Nce6 40. Bf6 Rb8 41. Bxe6+
Kxe6 42. Be5 Rxb7 43. Rh8 Rf7 44. Kd4 Rd7+ 45. Kc5 e3 46. Rxf8 e2 47. Rf6+ Ke7
48. Bc3 Rd3 49. Bxa5 Rd5+ 50. Kb6 Rxa5 51. Kxa5 Be8 52. Rb6 e1=Q+ 53. Rb4 Qc3
54. a4 Qc5+ 55. Rb5 Bxb5 56. axb5 Kd7 57. Ka6 Kc8 0-1

[Event "Challenge"]
[Site "http://www.queenalice.com/game.php?id=1562808"]
[Date "2019.3.1"]
[Round "-"]
[White "Scaracioli"]
[Black "colonelkurtz"]
[Result "0-1"]
[WhiteElo "1655"]
[BlackElo "1575"]

1. e4 c5 2. c3 h5 3. d4 b6 4. Be3 d5 5. e5 f5 6. Bf4 e6 7. Nf3 cxd4 8. Nxd4 g5
9. Bd2 f4 10. Bd3 Bg7 11. Qe2 Bd7 12. Nf3 g4 13. Ng1 Bh6 14. Na3 Nc6 15. Bg6+
Ke7 16. Qc4 dxc4 17. Nxc4 b5 18. Nd6 Nxe5 19. Ne4 Nf6 20. Nxf6 Kxf6 21. Bxh5
Nd3+ 22. Kf1 e5 23. b4 Bg5 24. h4 Rxh5 25. hxg5+ Rxg5 26. Rb1 Qb6 27. Be1 g3 28.
fxg3 fxg3 29. Ke2 Nxe1 30. Kxe1 Qf2+ 31. Kd1 Rd8 32. Kc1 Qxg2 33. Rh6+ Kg7 34.
Rd6 Qxg1+ 35. Kb2 Qh2+ 36. Ka1 g2 37. Rdd1 e4 38. Rg1 e3 39. Rbe1 Re8 40. Kb2 e2
41. Kc2 Qf4 42. Kd3 Qf3+ 43. Kd2 Kf6 44. Rc1 Bf5 45. Rce1 Qd3+ 0-1

[Event "Challenge"]
[Site "http://www.queenalice.com/game.php?id=1562809"]
[Date "2019.3.1"]
[Round "-"]
[White "colonelkurtz"]
[Black "jenyasm"]
[Result "1-0"]
[WhiteElo "1565"]
[BlackElo "1698"]

1. c4 e5 2. Nc3 Nf6 3. b4 Bxb4 4. Bb2 O-O 5. e4 d6 6. d4 exd4 7. Qxd4 Re8 8. f3
c5 9. Qd1 b6 10. a3 Ba5 11. g4 Nc6 12. Kf2 Nd4 13. Nd5 Nxd5 14. Bxd4 Nc3 15.
Bxc3 Bxc3 16. Rb1 Bd4+ 17. Kg2 Bd7 18. h4 g6 19. h5 gxh5 20. Rxh5 Re5 21. Rh6
Qe7 22. Ne2 Kg7 23. Qd2 Be6 24. Nxd4 cxd4 25. Rxe6 Rxe6 26. Bd3 f6 27. Rh1 a6
28. e5 fxe5 29. Rxh7+ Kf8 30. Rxe7 Rxe7 31. Qh6+ Kf7 32. Bg6+ Kf6 33. Be4+ 1-0

[Event "Challenge"]
[Site "http://www.queenalice.com/game.php?id=1562810"]
[Date "2019.3.1"]
[Round "-"]
[White "jenyasm"]
[Black "colonelkurtz"]
[Result "1-0"]
[WhiteElo "1718"]
[BlackElo "1586"]

1. e4 g6 2. b3 Bg7 3. Nc3 c6 4. Bb2 b5 5. Nf3 e5 6. d4 Qc7 7. dxe5 Bxe5 8. Qe2
d6 9. Nxe5 dxe5 10. O-O-O Ne7 11. g3 f5 12. Bg2 a6 13. a4 b4 14. Na2 a5 15. exf5
gxf5 16. Bxe5 Qxe5 17. Qxe5 Rf8 18. Bxc6+ Nxc6 19. Qg7 Bd7 20. Rhe1 Ra6 21. Qxh7
f4 22. Re4 Bf5 23. Rxe7+ Nxe7 24. Qg7 Rg6 25. Qe5 Rc6 26. Rd2 Rff6 27. Qxa5 fxg3
28. fxg3 Bg4 29. Nxb4 Rf1+ 30. Kb2 Rcf6 31. c4 Bf5 32. Nd5 Rb1+ 33. Kc3 Rf7 34.
Nxe7 Rxe7 35. Qd8+ Kf7 36. Rf2 Re3+ 37. Kd2 1-0

[Event "Challenge"]
[Site "http://www.queenalice.com/game.php?id=1562811"]
[Date "2019.3.1"]
[Round "-"]
[White "colonelkurtz"]
[Black "Sid"]
[Result "0-1"]
[WhiteElo "1565"]
[BlackElo "1733"]

1. e4 c5 2. c4 Nc6 3. Nf3 g6 4. d4 cxd4 5. Nxd4 Nf6 6. Nc3 d6 7. Nxc6 bxc6 8.
Qa4 Bd7 9. c5 Bg7 10. cxd6 exd6 11. h3 O-O 12. Bg5 Re8 13. f3 Nxe4 14. Nxe4 Qxg5
15. Kf2 Rxe4 16. Qxe4 Re8 17. Qd3 Qc5+ 18. Kg3 Be5+ 19. f4 Bxf4+ 20. Kxf4 Qf2+
21. Qf3 Qh4+ 22. g4 g5# 0-1

[Event "Challenge"]
[Site "http://www.queenalice.com/game.php?id=1562812"]
[Date "2019.3.1"]
[Round "-"]
[White "Sid"]
[Black "colonelkurtz"]
[Result "1-0"]
[WhiteElo "1500"]
[BlackElo "1565"]

1. e4 c5 2. Nf3 e6 3. d4 g6 4. Nc3 Qa5 5. Bd2 cxd4 6. Nb5 Qb6 7. Bc4 Nf6 8. Bf4
d6 9. Qxd4 Qxd4 10. Nfxd4 Kd7 11. e5 Ne8 12. exd6 a6 13. Nc7 Nxc7 14. dxc7 Nc6
15. O-O-O Ke8 16. Nxc6 Bc5 17. Rd8# 1-0

[Event "Challenge"]
[Site "http://www.queenalice.com/game.php?id=1562813"]
[Date "2019.3.1"]
[Round "-"]
[White "colonelkurtz"]
[Black "dejami"]
[Result "0-1"]
[WhiteElo "1580"]
[BlackElo "1782"]

1. d4 e6 2. Qd3 Nc6 3. c3 Qf6 4. e4 Qg6 5. d5 Ne5 6. Qg3 Qxe4+ 7. Be3 Qxd5 8. b3
Ng6 9. h4 d6 10. h5 Ne5 11. Bd4 Nc6 12. Nf3 e5 13. c4 Qe4+ 14. Be3 h6 15. Kd2
Nb4 16. Ne1 f5 17. Nc3 Qc6 18. a3 f4 19. Qg6+ Ke7 20. Bxf4 exf4 21. Nd3 Nxd3 22.
Bxd3 Be6 23. Rhe1 Nf6 24. Nd5+ Kd7 25. Nxf6+ gxf6 26. Qxf6 Re8 27. Qxh8 Qxg2 28.
Qh7+ Re7 29. Qh8 Bg7 30. Qa8 Qxf2+ 31. Be2 Bg4 0-1

[Event "Challenge"]
[Site "http://www.queenalice.com/game.php?id=1566783"]
[Date "2019.4.7"]
[Round "-"]
[White "Scaracioli"]
[Black "colonelkurtz"]
[Result "1-0"]
[WhiteElo "1675"]
[BlackElo "1553"]

1. e4 g6 2. d4 Bg7 3. e5 d6 4. h3 dxe5 5. d5 e4 6. c4 b6 7. g4 f5 8. g5 e6 9. h4
exd5 10. cxd5 Ne7 11. Bc4 a5 12. Nc3 Ba6 13. Bxa6 Nxa6 14. a3 Bxc3+ 15. bxc3
Nxd5 16. c4 Ne7 17. Qxd8+ Rxd8 18. Bd2 O-O 19. Ne2 Rd7 20. Bf4 Rfd8 21. O-O c6
22. Nc3 Rd4 23. Na4 b5 24. cxb5 cxb5 25. Nc3 e3 26. fxe3 Rc4 27. Nxb5 Nd5 28.
Rfd1 Nac7 29. Nxc7 1-0

[Event "Challenge"]
[Site "http://www.queenalice.com/game.php?id=1566784"]
[Date "2019.4.7"]
[Round "-"]
[White "colonelkurtz"]
[Black "Scaracioli"]
[Result "0-1"]
[WhiteElo "1565"]
[BlackElo "1677"]

1. d4 d5 2. c4 b6 3. c5 bxc5 4. dxc5 Bb7 5. Qd4 Nc6 6. Qa4 Nf6 7. b4 a6 8. Nf3
Qd7 9. b5 axb5 10. Qxb5 Ba6 11. Qb3 Na5 12. Qd1 Qc6 13. Be3 e6 14. Ne5 Qb7 15.
Nc3 c6 16. Rb1 Qa7 17. Rb6 Qc7 18. f4 Nd7 19. Nxd7 Kxd7 20. Ne4 Nc4 21. Rb3 Qa5+
22. Nc3 Nxe3 23. Qd4 Nc2+ 0-1